000 00548nam a2200229Ia 4500
003 OSt
005 20221005115600.0
006 a|||||r|||| 00| 0
007 ta
008 221004b |||||||| |||| 00| 0 tam d
024 _a49320
037 _cTextual
040 _aCRL
_cCRL
_btam
041 _2tam
_atam
082 _aO31,3:g, J6
100 _aMani Au.
_9627791
245 0 _aChinndmalaisamiyar
260 _c1956
650 _aTAMIL FICTION
942 _hO31,3:g, J6
_cTEXL
_2cc
999 _c1035275
_d1035275